Statistics for Rugby World Rankings

Click here to take the quiz!

General Stats

  • This quiz has been taken 23 times
  • The average score is 62 of 109

Answer Stats

NAnswer% Correct
6Argentina
100%
9Australia
100%
8England
100%
7Fiji
100%
3France
100%
1Ireland
100%
4New Zealand
100%
25Russia
100%
5Scotland
100%
17United States
100%
10Wales
100%
23Canada
96%
13Italy
96%
14Japan
96%
12Samoa
96%
2South Africa
96%
109American Samoa
91%
28Brazil
91%
18Uruguay
91%
22Chile
87%
32Germany
87%
16Portugal
87%
15Tonga
87%
29Belgium
83%
72Finland
83%
19Romania
83%
20Spain
83%
43Colombia
78%
107Greece
78%
49Mexico
78%
102Norway
78%
39Sweden
78%
87Austria
74%
82China
74%
26Netherlands
74%
11Georgia
70%
86India
70%
71Serbia
70%
37Ukraine
70%
78Venezuela
70%
41Croatia
65%
73Denmark
65%
21Namibia
65%
69Nigeria
65%
36Paraguay
65%
75Peru
65%
34Poland
65%
59Bulgaria
61%
70Hungary
61%
105Indonesia
61%
93Pakistan
61%
80Slovenia
61%
27Switzerland
61%
31Zimbabwe
61%
95Iran
57%
66Jamaica
57%
33Kenya
57%
47Morocco
57%
35Czech Republic
52%
62Israel
52%
64Luxembourg
52%
42Uganda
52%
92Bosnia & Herzegovina
48%
85Ghaan
48%
61Latvia
48%
51Lithuania
48%
52Malaysia
48%
50Trinidad & Tobago
48%
68Zambia
48%
99Bahamas
43%
58Guyana
43%
45Malta
43%
40Philippines
43%
46Sri Lanka
43%
79Thailand
43%
76Algeria
39%
83Barbados
39%
77Botswana
39%
103Solomon Islands
39%
108Vanuatu
39%
63Kazakhstan
35%
44Madagascar
35%
38Tunisia
35%
88Andorra
30%
104Cameroon
30%
24Hong Kong
30%
96Rwanda
30%
55Singapore
30%
60United Arab Emirates
30%
48Ivory Coast
26%
94Laos
26%
106Monaco
26%
67Bermuda
22%
100Burundi
22%
97Costa Rica
22%
91Mauritius
22%
56Senegal
22%
90Burkina Faso
17%
53Cook Islands
17%
57Moldova
17%
84Papau New Guinea
17%
81St Vincent & the Grenadines
17%
89Uzbekistan
17%
30Korea
9%
98Niue
9%
54Cayman Islands
4%
74Guam
4%
65Chinese Taipei
0%
101Ewatini
0%

Score Distribution

Percentile by Number Answered

Percent of People with Each Score

Your Score History

You have not taken this quiz